01856nam a2200361 i 4500001001000000003000900010005001700019007000300036008004100039040003000080082002000110100003500130245011000165264005300275300004100328336002700369337003300396338002800429500007600457500004500533500003300578504003700611590007500648590002600723700002900749910000700778942001400785952012900799952018700928952012001115952024201235999001701477000021580DO-SdBNP20241031142215.0ta100909s1979 dr 000 0 spa d aDO-SdBNPbspacBNPHUerda axxxxbD337p2221 aDeláncer, Juan944928eautor10aPrimavera 1959 :bConstanza, Maimón, Estero Hondo /cJuan Deláncer ; presentación José Espaillat. aSanto Domingo :beditora no identificada,c1979. a139 páginas :bretratos. ;c22 cm. ardacontentbtexto2txt ardamediabsin mediación2n ardacarrierbvolumen2nc aIncluye datos biográficos del autor en la solapa de la contracubierta aIncluye notas al pie de las pááginas aIncluye índice de materias aIncluye bibliografías (p. 141) aPerteneció a la biblioteca personal de Juan Isidro Jimenes Grullón aInventariado, 2024/DG1 aEspaillat, José944951 aDG 2ddccLBS1 001054708DSaGRbGRcCTd2011-08-18iLF1l0oxxxx D337pp21580-30r2020-06-25te. 3w2020-06-25yLFDSZPréstamo en sala 0010718PDaPDbPDcHDd2010-09-09iLF1l0oxxxx D337pp21580-10r2020-06-25w2020-06-25yLFPDzPerteneció a la biblioteca personal de Juan Isidro Jimenes Grullón.ZNo se presta 0010718PDaPDbPDcCTd2011-04-07iLF1l0oxxxx D337pp21580-20r2020-06-25te. 2w2020-06-25yLFPDZNo se presta 00102ddc56708DSaBNPHUbBNPHUcCTd2024-10-31eDonado por la Presidencia de la República Dominicana 2023l0oBNPHU DS D337pp2024-6303r2024-10-31te.4w2024-10-31yLBS1zPertenecio a la biblioteca personal de Emilio Cordero Michel c21079d21079